Battle against poverty: From pauperism to human rights (Record no. 1447948)

MARC details
000 -LEADER
fixed length control field 00550nam a2200193Ia 4500
005 - DATE AND TIME OF LATEST TRANSACTION
control field 20250923145150.0
008 - FIXED-LENGTH DATA ELEMENTS--GENERAL INFORMATION
fixed length control field 008 250917s9999 xx 000 0 eng d
037 ## - SOURCE OF ACQUISITION
Stock number Textual
040 ## - CATALOGING SOURCE
Original cataloging agency DSWL
Language of cataloging eng
Transcribing agency DSWL
041 ## - LANGUAGE CODE
Language code of text/sound track or separate title eng
Source of code eng
084 ## - COLON CLASSIFICATION NUMBER
Classification number Yt
Assigning agency DSWL
100 ## - MAIN ENTRY--PERSONAL NAME
Personal name Rodgers, Brian
9 (RLIN) 832441
245 #0 - TITLE STATEMENT
Title Battle against poverty: From pauperism to human rights
Statement of responsibility, etc. by Brian Rodgers
260 ## - PUBLICATION, DISTRIBUTION, ETC.
Place of publication, distribution, etc. London
Name of publisher, distributor, etc. Routledge & Kegan paul
Date of publication, distribution, etc. 1968
365 ## - TRADE PRICE
Price type code INR
Price amount 16
925 ## -
-- 16
942 ## - ADDED ENTRY ELEMENTS (KOHA)
Koha item type Textual
Classification part Yt
Holdings
Withdrawn status Lost status Damaged status Not for loan Home library Current library Date acquired Inventory number Total Checkouts Full call number Barcode Date last seen Price effective from Koha item type
        Department of Social Work Library Department of Social Work Library 2025-09-23 N/3802/69 09/01/1970   Yt SW0013752 2025-09-23 2025-09-23 Textual
Copyright @ Delhi University Library System